[Event "Championnat de France des Jeunes - Minim"]
[Site "MONTLUCON"]
[Date "2011.04.21"]
[Round "6.5"]
[White "Roubaud, Alexandre"]
[Black "Messinger, Karl"]
[Result "1/2-1/2"]
[WhiteElo "2081"]
[BlackElo "1966"]
[PlyCount "98"]

1. e4 c5 2. Nf3 Nc6 3. d4 cxd4 4. Nxd4 g6 5. Nc3 Bg7 6. Be3 Nf6 7. Bc4 Qa5 8.
O-O O-O 9. Nb3 Qc7 10. f4 d6 11. Be2 b6 12. Qd2 Bb7 13. Rad1 Rfc8 14. Bf3 Ba6
15. Rf2 Rab8 16. g4 Na5 17. Nxa5 bxa5 18. g5 Ne8 19. Nd5 Qd8 20. Bd4 Bc4 21.
Bxg7 Nxg7 22. Bg4 Rc5 23. b3 Bxd5 24. exd5 a4 25. Qd3 Qa5 26. Qe4 axb3 27. axb3
Rb7 28. Rd4 Rc3 29. Ra4 Qc5 30. Kg2 Rc7 31. Rb4 Nf5 32. Bxf5 gxf5 33. Rb8+ Kg7
34. Qxf5 Rxc2 35. Rxc2 Qxc2+ 36. Qxc2 Rxc2+ 37. Kg3 Rc5 38. Rb7 Rxd5 39. Rxe7
Rd3+ 40. Kg4 Rxb3 41. Rxa7 d5 42. Rd7 Rd3 43. h4 Rd1 44. f5 Kf8 45. f6 Ke8 46.
Re7+ Kf8 47. Ra7 Ke8 48. Re7+ Kf8 49. Ra7 Ke8 1/2-1/2

[Event "Championnat de France des Jeunes - Minim"]
[Site "MONTLUCON"]
[Date "2011.04.21"]
[Round "6.6"]
[White "Leharanger, Guillaume"]
[Black "Martin, Axel"]
[Result "1-0"]
[WhiteElo "1744"]
[BlackElo "2035"]
[PlyCount "85"]

1. e4 e5 2. Nf3 Nf6 3. Nxe5 d6 4. Nf3 Nxe4 5. d4 d5 6. Bd3 Nc6 7. O-O Be7 8.
Re1 Nf6 9. Bg5 O-O 10. c3 Bg4 11. Nbd2 h6 12. Bh4 Nd7 13. Bg3 Nb6 14. Qc2 Bd6
15. Ne5 Bxe5 16. Bxe5 Nxe5 17. Rxe5 Re8 18. Rae1 Rxe5 19. Rxe5 Nd7 20. Re3 Nf6
21. h3 Bd7 22. Nf3 Qf8 23. Qe2 Re8 24. Ne5 Qd6 25. f4 c5 26. Nxd7 Qxd7 27.
Rxe8+ Qxe8 28. Qxe8+ Nxe8 29. dxc5 Nc7 30. f5 Kf8 31. Kf2 Ke7 32. Ke3 Kd7 33.
Kd4 a5 34. b4 Kc6 35. a4 axb4 36. cxb4 b6 37. cxb6 Kxb6 38. a5+ Kc6 39. b5+
Nxb5+ 40. Bxb5+ Kxb5 41. Kxd5 Kxa5 42. Kd6 g6 43. f6 1-0

[Event "Championnat de France des Jeunes - Minim"]
[Site "MONTLUCON"]
[Date "2011.04.21"]
[Round "6.7"]
[White "Neri, Jean-Baptiste"]
[Black "Macon, Arthur"]
[Result "1/2-1/2"]
[WhiteElo "2052"]
[BlackElo "1997"]
[PlyCount "216"]

1. e4 c6 2. c4 d5 3. cxd5 cxd5 4. exd5 Qxd5 5. Nc3 Qd8 6. d4 Nf6 7. Nf3 e6 8.
Bc4 Be7 9. O-O O-O 10. Re1 Nc6 11. Bg5 b6 12. Qd2 Bb7 13. Rad1 Nb4 14. Ne5 Nbd5
15. Nxd5 Nxd5 16. Bxe7 Qxe7 17. Bxd5 Bxd5 18. b3 Qb7 19. f3 Rac8 20. Rc1 Rxc1
21. Rxc1 Rc8 22. h4 a5 23. h5 h6 24. Qf4 Rxc1+ 25. Qxc1 a4 26. bxa4 Bxa2 27.
Qb2 Bd5 28. Qb5 Qc8 29. Qxb6 Qc1+ 30. Kh2 Qf4+ 31. Kh3 f6 32. Qd8+ Kh7 33. Qh8+
Kxh8 34. Ng6+ Kg8 35. Nxf4 Bc6 36. a5 Kf7 37. Kg3 Bb5 38. Kf2 Ke7 39. Ke3 Kd6
40. Kd2 e5 41. dxe5+ Kxe5 42. Ke3 Bc4 43. g4 Bb5 44. Ng6+ Kd6 45. Nh4 Ke7 46.
Kd4 Bc6 47. Kc5 Ba8 48. Kb6 f5 49. Nxf5+ Kf6 50. Nd4 Ke5 51. Kc5 Bb7 52. Kc4
Kf4 53. Kd3 Ba6+ 54. Kd2 Bc4 55. Kc3 Ba6 56. Kb4 Bb7 57. Kc4 Bc8 58. Kc5 Ke3
59. Kd5 Kf4 60. Kd6 Ba6 61. Kc5 Ke3 62. Kb6 Bc4 63. Nb5 Kxf3 64. a6 Kxg4 65. a7
Bd5 66. Nd6 Ba8 67. Kc7 Kxh5 68. Nb7 g5 69. Kb8 g4 70. Kxa8 g3 71. Kb8 g2 72.
a8=Q g1=Q 73. Qa5+ Qg5 74. Qc7 Qg8+ 75. Nd8 Qb3+ 76. Nb7 Qg8+ 77. Ka7 Qa2+ 78.
Na5 Qf2+ 79. Kb7 Qf3+ 80. Kb6 Qf2+ 81. Kb5 Qb2+ 82. Kc5 Qf2+ 83. Kb4 Qe1+ 84.
Kc5 Qf2+ 85. Kb5 Qb2+ 86. Ka6 Qf6+ 87. Nc6 Qa1+ 88. Kb7 Qb2+ 89. Kc8 Qh8+ 90.
Nd8 Qf6 91. Nf7 Qe6+ 92. Kd8 Qd5+ 93. Ke8 Qa8+ 94. Ke7 Qa3+ 95. Kf6 Qf3+ 96.
Kg7 Qg4+ 97. Kh8 Qd4+ 98. Ne5 Qf4 99. Qe7 Qf5 100. Qe8+ Kh4 101. Nf7 Qf6+ 102.
Kh7 Qf5+ 103. Kxh6 Qf6+ 104. Kh7 Qf5+ 105. Kh8 Qh5+ 106. Kg8 Qg4+ 107. Kf8 Qb4+
108. Nd6 Qxd6+ 1/2-1/2

[Event "Championnat de France des Jeunes - Minim"]
[Site "MONTLUCON"]
[Date "2011.04.21"]
[Round "6.8"]
[White "Ravot, Emmanuel"]
[Black "Leriche, Luc"]
[Result "0-1"]
[WhiteElo "2022"]
[BlackElo "1931"]
[PlyCount "104"]

1. d4 Nf6 2. c4 c5 3. d5 b5 4. cxb5 a6 5. Nc3 axb5 6. e4 b4 7. Nb5 d6 8. Bf4 g5
9. Bxg5 Nxe4 10. Bf4 Ba6 11. Qf3 Nf6 12. Bc4 Nbd7 13. Qe2 Bxb5 14. Bxb5 Qc7 15.
Bc6 Ra7 16. g4 Kd8 17. Nf3 e5 18. Bg5 Be7 19. Be3 Nb6 20. Ng5 Rf8 21. Qf3 Nc4
22. Bc1 Na5 23. Ba4 Qb7 24. h4 Qxd5 25. Qxd5 Nxd5 26. Nxh7 Rh8 27. Bc2 Nc6 28.
Be4 Nd4 29. Ng5 Bxg5 30. Bxg5+ f6 31. Bd2 Ne7 32. Be3 d5 33. Bxd4 exd4 34. Bc2
c4 35. Kd2 d3 36. Bd1 Kd7 37. Bf3 Kd6 38. Bg2 Ng6 39. h5 Nf4 40. Bf3 d4 41.
Rhb1 Kc5 42. Be4 c3+ 43. bxc3 bxc3+ 44. Ke1 Re8 45. f3 Ng2+ 46. Kf2 Nf4 47. h6
c2 48. Rh1 Rxe4 49. fxe4 d2 50. h7 Rxh7 51. Rxh7 d1=Q 52. Rxd1 cxd1=Q 0-1

[Event "Championnat de France des Jeunes - Minim"]
[Site "MONTLUCON"]
[Date "2011.04.21"]
[Round "6.9"]
[White "Leveque, Guillaume"]
[Black "Barbaras, Mathieu"]
[Result "0-1"]
[WhiteElo "1901"]
[BlackElo "2016"]
[PlyCount "76"]

1. e4 c5 2. Nf3 e6 3. d4 cxd4 4. Nxd4 Nf6 5. Nc3 d6 6. Be3 a6 7. f3 b5 8. Qd2
Nbd7 9. Bd3 Bb7 10. O-O-O Nb6 11. Qf2 Nfd7 12. f4 Rc8 13. f5 e5 14. Nf3 b4 15.
Nb1 Na4 16. Nfd2 Ndc5 17. Bxc5 Nxc5 18. Qe2 Qa5 19. Bc4 Be7 20. Nb3 Bg5+ 21.
N1d2 Qxa2 22. Qh5 Nxb3+ 23. cxb3 Bxd2+ 24. Kxd2 Qxb2+ 25. Ke3 Rxc4 26. bxc4
Qc3+ 27. Rd3 Qxc4 28. Qg4 O-O 29. f6 g6 30. Qf3 a5 31. h4 Ba6 32. Rd5 h5 33. g4
Rc8 34. Rhd1 Qb3+ 35. Kf2 Rc3 36. Qh1 hxg4 37. Rxd6 Rf3+ 38. Kg2 Rg3+ 0-1

[Event "Championnat de France des Jeunes - Minim"]
[Site "MONTLUCON"]
[Date "2011.04.21"]
[Round "6.10"]
[White "Geffroy, Leo"]
[Black "Malka, Samuel"]
[Result "1/2-1/2"]
[WhiteElo "1830"]
[BlackElo "2015"]
[PlyCount "81"]

1. e4 c5 2. Nf3 d6 3. d4 cxd4 4. Nxd4 Nf6 5. Nc3 g6 6. Be3 Bg7 7. f3 Nc6 8. Qd2
O-O 9. Bc4 Bd7 10. O-O-O Rb8 11. h4 b5 12. Bb3 a5 13. a4 bxa4 14. Nxa4 Nxd4 15.
Bxd4 Rb4 16. Bxf6 Bxf6 17. Nc3 Bg7 18. Rhe1 a4 19. Nxa4 Rxa4 20. Bxa4 Bxa4 21.
Qb4 Qa8 22. Rd5 Bd7 23. Ra5 Qc6 24. c3 Rc8 25. g4 Be5 26. Kc2 Qc7 27. Rea1 Bc6
28. Ra7 Qd8 29. Qa5 Qf8 30. Qb6 f5 31. Rc7 Ba8 32. gxf5 gxf5 33. Raa7 Rxc7 34.
Rxc7 fxe4 35. Qa6 Kg7 36. Rc8 Qxf3 37. Qxa8 Qd3+ 38. Kb3 e3 39. Rg8+ Kf7 40.
Qf8+ Ke6 41. Qc8+ 1/2-1/2

[Event "Championnat de France des Jeunes - Minim"]
[Site "MONTLUCON"]
[Date "2011.04.22"]
[Round "7.1"]
[White "Giroyan, Gary"]
[Black "Moussard, Jules"]
[Result "0-1"]
[WhiteElo "2249"]
[BlackElo "2410"]
[PlyCount "68"]

1. e4 d6 2. d4 g6 3. Nc3 Bg7 4. Be3 c6 5. Nf3 Qc7 6. Qd2 b5 7. Bd3 Nd7 8. O-O
Ngf6 9. a4 b4 10. Ne2 c5 11. e5 c4 12. exf6 Nxf6 13. Qxb4 cxd3 14. cxd3 Bg4 15.
Qb5+ Qd7 16. Nc3 Bxf3 17. gxf3 a6 18. Qxd7+ Kxd7 19. b4 Rhb8 20. Rfb1 e6 21. b5
axb5 22. axb5 Rxa1 23. Rxa1 Rb7 24. Ra6 Nd5 25. Ne4 Bf8 26. Ng5 f6 27. Nxh7 Bg7
28. Ra8 Ke7 29. Bc1 Nc3 30. b6 Nb5 31. d5 exd5 32. Be3 d4 33. Bxd4 Nxd4 34. Ra7
Rd7 0-1

[Event "Championnat de France des Jeunes - Minim"]
[Site "MONTLUCON"]
[Date "2011.04.22"]
[Round "7.2"]
[White "Salles, Louis"]
[Black "Leharanger, Guillaume"]
[Result "1-0"]
[WhiteElo "2008"]
[BlackElo "1744"]
[PlyCount "63"]

1. e4 d5 2. exd5 Nf6 3. Nf3 Nxd5 4. d4 g6 5. c4 Nb6 6. h3 Bg7 7. Nc3 Nc6 8. Be3
O-O 9. Qd2 e5 10. d5 Ne7 11. O-O-O Nf5 12. g4 Nxe3 13. fxe3 Qf6 14. Qg2 Nd7 15.
Bd3 Qb6 16. Rhe1 Nc5 17. Bc2 a5 18. Nd2 a4 19. Nde4 Nxe4 20. Nxe4 f5 21. gxf5
gxf5 22. c5 Qb4 23. Rg1 Rf7 24. a3 Qb5 25. Rdf1 Ra6 26. d6 cxd6 27. Nxd6 Rxd6
28. cxd6 e4 29. Qg5 Qxb2+ 30. Kd1 Qxa3 31. Qd8+ Rf8 32. Rxg7+ 1-0

[Event "Championnat de France des Jeunes - Minim"]
[Site "MONTLUCON"]
[Date "2011.04.22"]
[Round "7.3"]
[White "Kirk, Ezra"]
[Black "Barbot, Pierre"]
[Result "0-1"]
[WhiteElo "2111"]
[BlackElo "2224"]
[PlyCount "56"]

1. Nf3 c5 2. c4 Nf6 3. Nc3 Nc6 4. g3 d5 5. cxd5 Nxd5 6. Bg2 Nc7 7. O-O e5 8. d3
Be7 9. a3 O-O 10. Be3 f6 11. Rc1 Ne6 12. Nd2 Bd7 13. Nd5 Rc8 14. b4 cxb4 15.
axb4 b6 16. Ra1 Bd6 17. Nc4 Bb8 18. Qb3 Ned4 19. Qb2 Be6 20. Nc3 Qd7 21. Rfc1
Rfd8 22. Ne4 Kh8 23. h4 h6 24. Rab1 Ne7 25. Kh1 Nef5 26. Bd2 Nxe2 27. Ncd6
Rxc1+ 28. Bxc1 Nxc1 0-1

[Event "Championnat de France des Jeunes - Minim"]
[Site "MONTLUCON"]
[Date "2011.04.22"]
[Round "7.4"]
[White "Loiseau, Quentin"]
[Black "Deslias, Gregoire"]
[Result "1-0"]
[WhiteElo "2142"]
[BlackElo "1943"]
[PlyCount "51"]

1. Nf3 Nf6 2. c4 e6 3. d4 Be7 4. Nc3 d5 5. Bg5 O-O 6. e3 Nbd7 7. Rc1 b6 8. cxd5
exd5 9. Bb5 Bb7 10. O-O a6 11. Ba4 c5 12. dxc5 bxc5 13. Bxd7 Qxd7 14. Na4 Qc6
15. Nd4 Qc7 16. Bxf6 Bxf6 17. Nxc5 Rac8 18. Qg4 Be5 19. Nd3 Qd6 20. Nxe5 Qxe5
21. Qd7 Rxc1 22. Rxc1 Ba8 23. Rc8 Qe4 24. Rxf8+ Kxf8 25. h3 Qe8 26. Qd6+ 1-0

[Event "Championnat de France des Jeunes - Minim"]
[Site "MONTLUCON"]
[Date "2011.04.22"]
[Round "7.5"]
[White "Leriche, Luc"]
[Black "Roubaud, Alexandre"]
[Result "1/2-1/2"]
[WhiteElo "1931"]
[BlackElo "2081"]
[PlyCount "31"]

1. e4 e5 2. Nf3 Nc6 3. d4 exd4 4. Nxd4 Bc5 5. Nxc6 Qf6 6. Qd2 bxc6 7. Nc3 Ne7
8. Qf4 Qxf4 9. Bxf4 d6 10. Bg3 O-O 11. Bc4 Be6 12. Bb3 Bxb3 13. axb3 f5 14. f3
Bb6 15. Bf2 fxe4 16. Nxe4 1/2-1/2

[Event "Championnat de France des Jeunes - Minim"]
[Site "MONTLUCON"]
[Date "2011.04.22"]
[Round "7.6"]
[White "Barbaras, Mathieu"]
[Black "Ringuet, Noe"]
[Result "1-0"]
[WhiteElo "2016"]
[BlackElo "2016"]
[PlyCount "75"]

1. Nf3 c5 2. c4 Nf6 3. g3 b6 4. Bg2 Bb7 5. O-O e6 6. Nc3 Be7 7. d4 cxd4 8. Nb5
a6 9. Nbxd4 O-O 10. b3 d6 11. Bb2 Nbd7 12. Ng5 Bxg2 13. Kxg2 Ra7 14. f3 Qa8 15.
Qd2 h6 16. Nh3 Rd8 17. e4 Nc5 18. Qe3 Nfd7 19. Rad1 Ne5 20. Nf2 Rad7 21. Ne2
Bf6 22. Rd2 b5 23. f4 Ng6 24. Bxf6 gxf6 25. b4 Na4 26. Ng4 f5 27. Nf6+ Kf8 28.
Nxd7+ Rxd7 29. c5 fxe4 30. f5 exf5 31. Rxf5 d5 32. Qxh6+ Ke7 33. Nd4 Qg8 34.
Qg5+ Ke8 35. c6 Rd6 36. Rdf2 Qh8 37. Rxf7 Qxd4 38. Qe7+ 1-0

[Event "Championnat de France des Jeunes - Minim"]
[Site "MONTLUCON"]
[Date "2011.04.22"]
[Round "7.7"]
[White "Messinger, Karl"]
[Black "Neri, Jean-Baptiste"]
[Result "0-1"]
[WhiteElo "1966"]
[BlackElo "2052"]
[PlyCount "68"]

1. e4 c5 2. Nf3 e6 3. d4 cxd4 4. Nxd4 a6 5. Nc3 b5 6. Be2 Bb7 7. O-O Nc6 8. Be3
Nge7 9. Nb3 d6 10. f4 g6 11. f5 gxf5 12. exf5 Nxf5 13. Rxf5 exf5 14. Nd5 Ne5
15. Qd2 Rg8 16. Rf1 Nc4 17. Bxc4 bxc4 18. Na5 Bxd5 19. Qxd5 Rc8 20. Re1 Be7 21.
Nc6 Rxc6 22. Qxc6+ Qd7 23. Qa8+ Qd8 24. Qxa6 Rg6 25. Qxc4 Qa8 26. g3 Kf8 27.
Bd4 f4 28. Qc7 Bh4 29. Bf2 fxg3 30. hxg3 Bxg3 31. Qe7+ Kg7 32. Bd4+ Be5+ 33.
Kf2 Bxd4+ 34. Ke2 Re6+ 0-1

[Event "Championnat de France des Jeunes - Minim"]
[Site "MONTLUCON"]
[Date "2011.04.22"]
[Round "7.8"]
[White "Paci, Nicolas"]
[Black "Lemeille, Francois"]
[Result "0-1"]
[WhiteElo "1939"]
[BlackElo "2074"]
[PlyCount "78"]

1. e4 c5 2. Nf3 d6 3. d3 Nf6 4. g3 Nc6 5. Bg2 e6 6. O-O Be7 7. c3 O-O 8. Re1 d5
9. exd5 exd5 10. d4 Bg4 11. Qb3 Qc8 12. Ne5 Be6 13. Nxc6 bxc6 14. Bg5 cxd4 15.
cxd4 h6 16. Be3 Rb8 17. Qc2 Bf5 18. Qc1 Qb7 19. b3 Bb4 20. Nc3 Rbe8 21. Qb2 Re6
22. Bf4 Rfe8 23. Rxe6 Rxe6 24. a3 Bf8 25. Na4 Qe7 26. Qc1 Ne4 27. Bxe4 Rxe4 28.
Be3 Qf6 29. f3 Re8 30. Qd2 Bh3 31. Qf2 c5 32. Rc1 cxd4 33. Bxd4 Qa6 34. Ra1 Qb5
35. Qc2 Rc8 36. Qd1 Bf5 37. Nc3 Qb7 38. b4 Rc4 39. Na4 Bc2 0-1

[Event "Championnat de France des Jeunes - Minim"]
[Site "MONTLUCON"]
[Date "2011.04.22"]
[Round "7.9"]
[White "Martin, Axel"]
[Black "Cantin, Loic"]
[Result "0-1"]
[WhiteElo "2035"]
[BlackElo "1929"]
[PlyCount "92"]

1. e4 c5 2. Nc3 Nc6 3. Bb5 d6 4. Bxc6+ bxc6 5. d3 g6 6. Nge2 Bg7 7. O-O e6 8.
Be3 Nh6 9. h3 f5 10. e5 dxe5 11. Bxc5 Qc7 12. f4 exf4 13. Nxf4 e5 14. Qe1 Kf7
15. Nfe2 Re8 16. Ne4 Kg8 17. Nd6 Re6 18. Nxc8 Rxc8 19. Qf2 e4 20. Nf4 Ree8 21.
dxe4 Rxe4 22. Nd3 Bf6 23. Bxa7 Rce8 24. Bb6 Qb8 25. a4 Re2 26. Qc5 R8e4 27.
Qxc6 Re6 28. Bc7 Qa7+ 29. Bb6 Qxb6+ 30. Qxb6 Rxb6 31. a5 Ra6 32. Ra4 Nf7 33. b4
Bc3 34. Nc5 Bd4+ 35. Kh1 Bxc5 36. bxc5 Rxc2 37. Rb1 Rxc5 38. Rb7 Rcxa5 39. Rc4
Ra7 40. Rb8+ Kg7 41. Rcc8 Nd6 42. Rg8+ Kh6 43. h4 Ra4 44. h5 Kxh5 45. Rb3 Rh4+
46. Kg1 Ne4 0-1

[Event "Championnat de France des Jeunes - Minim"]
[Site "MONTLUCON"]
[Date "2011.04.22"]
[Round "7.10"]
[White "Malka, Samuel"]
[Black "Cain-Rossow, William"]
[Result "1-0"]
[WhiteElo "2015"]
[BlackElo "1747"]
[PlyCount "93"]

1. d4 Nf6 2. c4 g6 3. Nc3 d5 4. Bg5 Ne4 5. Bh4 Nxc3 6. bxc3 Bg7 7. e3 dxc4 8.
Bxc4 O-O 9. Nf3 c5 10. O-O Nc6 11. Nd2 cxd4 12. cxd4 Na5 13. Bd3 b6 14. Qf3 Bb7
15. Be4 Qd7 16. Bxb7 Nxb7 17. Rac1 Rac8 18. Nb3 h6 19. e4 Nd6 20. Bg3 a5 21.
Bxd6 exd6 22. Qd3 a4 23. Nd2 b5 24. Rb1 Rb8 25. Rb4 Rb7 26. Rfb1 Rfb8 27. d5
Bf6 28. Nf3 Rc8 29. Nd4 Bxd4 30. Qxd4 Rc5 31. h3 Kh7 32. Qd3 f6 33. Kh2 Kg7 34.
f4 Kf7 35. Rf1 f5 36. Re1 Rbc7 37. e5 dxe5 38. Rxe5 Rb7 39. Qd4 Rc8 40. Re6 Qd8
41. Qe5 Rc5 42. Rd6 Qe7 43. Re6 Qd8 44. Rd4 Rd7 45. Ra6 Qe7 46. Qe6+ Kf8 47.
Qxg6 1-0

[Event "Championnat de France des Jeunes - Minim"]
[Site "MONTLUCON"]
[Date "2011.04.23"]
[Round "8.1"]
[White "Barbot, Pierre"]
[Black "Moussard, Jules"]
[Result "1-0"]
[WhiteElo "2224"]
[BlackElo "2410"]
[PlyCount "99"]

1. e4 g6 2. d4 d6 3. Nc3 Nf6 4. f4 Bg7 5. Nf3 a6 6. Be3 b5 7. e5 Nfd7 8. Bd3 e6
9. Ne4 Nb6 10. Qe2 Bb7 11. O-O-O Nd5 12. Kb1 Nc6 13. g4 Ncb4 14. Bd2 Nxd3 15.
Qxd3 Qd7 16. Rhe1 O-O-O 17. Nf2 Kb8 18. Qe2 Rhe8 19. Nd3 f5 20. h3 Rc8 21. Qf2
Bf8 22. a3 Ka8 23. Bb4 Bh6 24. g5 Bf8 25. Nd2 Qc6 26. Re2 Nb6 27. Rde1 Qd7 28.
Ba5 Nc4 29. Bc3 Rb8 30. Ka2 Qc6 31. exd6 cxd6 32. Nb4 Qd7 33. Nxc4 bxc4 34. d5
Qc8 35. Rxe6 Rxe6 36. dxe6 Be4 37. Qd4 Qb7 38. Kb1 a5 39. Na2 d5 40. Kc1 Bxa3
41. bxa3 Qb1+ 42. Kd2 Qxc2+ 43. Ke3 Qg2 44. Nc1 Qxh3+ 45. Kd2 Qh2+ 46. Ne2 Qh3
47. Qe3 Qg2 48. Qc5 d4 49. Qxa5+ Kb7 50. Qb5+ 1-0

[Event "Championnat de France des Jeunes - Minim"]
[Site "MONTLUCON"]
[Date "2011.04.23"]
[Round "8.2"]
[White "Loiseau, Quentin"]
[Black "Salles, Louis"]
[Result "1-0"]
[WhiteElo "2142"]
[BlackElo "2008"]
[PlyCount "109"]

1. Nf3 Nf6 2. c4 g6 3. Nc3 Bg7 4. e4 d6 5. d4 O-O 6. h3 e5 7. dxe5 dxe5 8. Be3
Nbd7 9. Be2 c6 10. c5 Re8 11. Bc4 h6 12. O-O Qe7 13. b4 Nf8 14. Qb3 Be6 15. Nd2
Nh5 16. Rfd1 Kh8 17. Ne2 Bxc4 18. Nxc4 Ne6 19. Nd6 Rf8 20. Qc2 Nhf4 21. Kh2
Rad8 22. g3 Nxe2 23. Qxe2 Nd4 24. Bxd4 exd4 25. f4 b6 26. e5 a5 27. Rxd4 axb4
28. cxb6 f6 29. Re1 fxe5 30. fxe5 c5 31. Rf4 Qe6 32. b7 Rb8 33. Qc4 Qd7 34. Qd5
Qa4 35. Re2 Rxf4 36. gxf4 b3 37. Qxb3 Qxf4+ 38. Qg3 Qf1 39. Rf2 Qb1 40. Kg2 Kh7
41. Re2 Rf8 42. Qe1 Qd3 43. Qd2 Qf3+ 44. Kh2 Qf1 45. Nc4 Qf5 46. Qe3 Qd7 47.
Qe4 Qd1 48. Rg2 Qh5 49. a4 Re8 50. Qxg6+ Qxg6 51. Rxg6 Kxg6 52. a5 Kf5 53. a6
Bxe5+ 54. Nxe5 Kxe5 55. a7 1-0

[Event "Championnat de France des Jeunes - Minim"]
[Site "MONTLUCON"]
[Date "2011.04.23"]
[Round "8.3"]
[White "Roubaud, Alexandre"]
[Black "Barbaras, Mathieu"]
[Result "1-0"]
[WhiteElo "2081"]
[BlackElo "2016"]
[PlyCount "97"]

1. e4 c5 2. Nf3 Nc6 3. d4 cxd4 4. Nxd4 g6 5. Nc3 Bg7 6. Be3 Nf6 7. Bc4 Qa5 8.
O-O O-O 9. Nb3 Qd8 10. Bg5 a5 11. a4 d6 12. Be2 Be6 13. Kh1 Qc8 14. Rc1 Nb4 15.
Bf3 h6 16. Be3 Ng4 17. Bxg4 Bxg4 18. Qd2 Kh7 19. Nd4 Rd8 20. f4 d5 21. e5 Ra6
22. Ncb5 Bf5 23. Nxf5 Qxf5 24. c3 Nc6 25. Nc7 d4 26. cxd4 Rb6 27. Nb5 Nb4 28.
Qe2 Rc6 29. Nc3 h5 30. Rfd1 e6 31. h3 Nd5 32. Nxd5 Rxd5 33. Rxc6 bxc6 34. Qd3
Qxd3 35. Rxd3 c5 36. Rd2 Bf8 37. dxc5 Rxd2 38. Bxd2 Bxc5 39. Bxa5 h4 40. Be1
Be3 41. g3 hxg3 42. Bxg3 Bd2 43. Kg2 Kh6 44. Kf3 g5 45. Kg4 Kg6 46. fxg5 Bxg5
47. a5 Be3 48. b4 Bd2 49. Bf2 1-0

[Event "Championnat de France des Jeunes - Minim"]
[Site "MONTLUCON"]
[Date "2011.04.23"]
[Round "8.4"]
[White "Degardin, Sylvain"]
[Black "Giroyan, Gary"]
[Result "0-1"]
[WhiteElo "1947"]
[BlackElo "2249"]
[PlyCount "72"]

1. d4 Nf6 2. c4 g6 3. Nc3 d5 4. cxd5 Nxd5 5. e4 Nxc3 6. bxc3 Bg7 7. Bc4 c5 8.
Ne2 O-O 9. O-O Nc6 10. Be3 b6 11. Qd2 Qc7 12. Rac1 Bb7 13. Bh6 Rad8 14. Bxg7
Kxg7 15. f4 Qd7 16. Bb5 a6 17. Bxc6 Qxc6 18. d5 Qc7 19. c4 Kg8 20. Rf3 Bc8 21.
Rb3 e6 22. Rcb1 exd5 23. exd5 Bf5 24. R1b2 b5 25. cxb5 c4 26. Rc3 axb5 27. Rxb5
Qa7+ 28. Nd4 Bd3 29. Qf2 Rfe8 30. Rc1 c3 31. Rb3 Rxd5 32. Nf3 Qxf2+ 33. Kxf2
Re2+ 34. Kg3 c2 35. Ne1 Bf5 36. Rc3 Rd1 0-1

[Event "Championnat de France des Jeunes - Minim"]
[Site "MONTLUCON"]
[Date "2011.04.23"]
[Round "8.5"]
[White "Lemeille, Francois"]
[Black "Macon, Arthur"]
[Result "1/2-1/2"]
[WhiteElo "2074"]
[BlackElo "1997"]
[PlyCount "89"]

1. e4 e5 2. Nf3 Nc6 3. Bb5 Nf6 4. Qe2 d6 5. c3 Bd7 6. O-O g6 7. d4 Qe7 8. Re1
Bg7 9. Na3 a6 10. Bd3 O-O 11. Nc2 Kh8 12. Bg5 h6 13. Bh4 Rfe8 14. d5 Nd8 15.
Bxf6 Qxf6 16. Ne3 Qe7 17. g4 Bf6 18. Kg2 Bg5 19. Nxg5 Qxg5 20. Rh1 Qh4 21. Qf3
Rg8 22. Qg3 Qe7 23. h4 h5 24. f3 f6 25. Kf2 Nf7 26. Rhg1 Nh6 27. Ke2 f5 28.
gxf5 gxf5 29. Qh2 f4 30. Nc2 c6 31. Rg5 Rxg5 32. hxg5 Qxg5 33. Rg1 Qf6 34. Qxh5
Rg8 35. Rxg8+ Kxg8 36. dxc6 Bxc6 37. Nb4 Qg7 38. Nxc6 bxc6 39. Bxa6 Kh7 40. Bc8
Qg2+ 41. Kd3 Qf1+ 42. Kc2 Qe2+ 43. Kb3 Qb5+ 44. Kc2 Qe2+ 45. Kb3 1/2-1/2

[Event "Championnat de France des Jeunes - Minim"]
[Site "MONTLUCON"]
[Date "2011.04.23"]
[Round "8.6"]
[White "Neri, Jean-Baptiste"]
[Black "Leriche, Luc"]
[Result "1-0"]
[WhiteElo "2052"]
[BlackElo "1931"]
[PlyCount "73"]

1. e4 c5 2. Nf3 d6 3. d4 cxd4 4. Nxd4 Nf6 5. Nc3 a6 6. h3 e5 7. Nde2 Be7 8. g4
Be6 9. Bg2 O-O 10. O-O Nbd7 11. Nd5 Bxd5 12. exd5 Nb6 13. b3 Nfd7 14. Ng3 Bg5
15. Ba3 Qc7 16. Nf5 Nc5 17. Bc1 Bxc1 18. Qxc1 Qd8 19. f4 Rc8 20. fxe5 Nd3 21.
Qa3 Nxe5 22. c4 Rc5 23. Rae1 Nc8 24. Re3 f6 25. Qb4 Rf7 26. Nd4 a5 27. Qa4 Nb6
28. Qa3 Nbxc4 29. bxc4 Nxc4 30. Qd3 Nxe3 31. Qxe3 Re7 32. Qf4 Qb6 33. Kh1 Rc4
34. Rd1 Re5 35. Qd2 h6 36. Qd3 Qb2 37. Qxc4 1-0

[Event "Championnat de France des Jeunes - Minim"]
[Site "MONTLUCON"]
[Date "2011.04.23"]
[Round "8.7"]
[White "Cantin, Loic"]
[Black "Malka, Samuel"]
[Result "0-1"]
[WhiteElo "1929"]
[BlackElo "2015"]
[PlyCount "42"]

1. e4 c5 2. Nf3 d6 3. d4 cxd4 4. Nxd4 Nf6 5. Nc3 g6 6. Be2 Bg7 7. h4 Nc6 8. Be3
O-O 9. h5 d5 10. hxg6 fxg6 11. exd5 Nxd5 12. Bc4 e6 13. Nxc6 bxc6 14. Qd2 Qf6
15. O-O-O Rb8 16. Bxa7 Nxc3 17. bxc3 Qe7 18. Qd6 Qxa7 19. Bxe6+ Bxe6 20. Qxe6+
Qf7 21. Rhe1 Bh6+ 0-1

[Event "Championnat de France des Jeunes - Minim"]
[Site "MONTLUCON"]
[Date "2011.04.23"]
[Round "8.8"]
[White "Leharanger, Guillaume"]
[Black "Ringuet, Noe"]
[Result "0-1"]
[WhiteElo "1744"]
[BlackElo "2016"]
[PlyCount "106"]

1. e4 c5 2. Nf3 d6 3. d4 cxd4 4. Nxd4 Nf6 5. Nc3 a6 6. Be3 e5 7. Nb3 Be6 8. Be2
Be7 9. Qd2 O-O 10. O-O-O Nbd7 11. f3 b5 12. g4 b4 13. Na4 Qc7 14. Qxb4 Rfc8 15.
Qd2 d5 16. exd5 Nxd5 17. Bd3 Bb4 18. c3 Qc6 19. Bc2 Qxa4 20. Nc5 Bxc3 21. Nxa4
Bxd2+ 22. Bxd2 Rc4 23. Bc3 Nxc3 24. Nxc3 Rf4 25. Be4 Rc8 26. Kb1 Nf6 27. Bb7
Rb8 28. Bxa6 Rxf3 29. Ka1 Nxg4 30. Rd2 g6 31. Re1 f6 32. Rd6 Kf7 33. Be2 Rf4
34. Bxg4 Rxg4 35. Ra6 Rg2 36. b3 Rxh2 37. Ne4 Rd8 38. Nc5 Bf5 39. Ra7+ Kg8 40.
b4 Rhd2 41. a4 Rc2 42. Rh1 h5 43. Nb3 Be6 44. Nc5 Bf7 45. Nd7 Kg7 46. Rf1 Rd2
47. Nxf6 Rd1+ 48. Rxd1 Rxd1+ 49. Kb2 Kxf6 50. b5 Rd8 51. Rc7 Rb8 52. Rc6+ Kf5
53. b6 Be8 0-1

[Event "Championnat de France des Jeunes - Minim"]
[Site "MONTLUCON"]
[Date "2011.04.23"]
[Round "8.9"]
[White "Menard, Baptiste"]
[Black "Kirk, Ezra"]
[Result "0-1"]
[WhiteElo "1829"]
[BlackElo "2111"]
[PlyCount "88"]

1. e4 c5 2. Nf3 Nc6 3. Bb5 e6 4. Bxc6 bxc6 5. O-O Ne7 6. d3 Ng6 7. e5 Qc7 8.
Re1 Be7 9. b3 O-O 10. Nbd2 f6 11. Bb2 fxe5 12. Nxe5 Nxe5 13. Bxe5 d6 14. Bg3 e5
15. Ne4 d5 16. Nd2 Bd6 17. Qe2 Re8 18. Qh5 g6 19. Qg5 Bf5 20. Re2 Re7 21. Rae1
Rae8 22. h4 Kg7 23. Bh2 h6 24. Qg3 Re6 25. Qe3 d4 26. Qf3 e4 27. dxe4 Bxh2+ 28.
Kh1 Qf4 29. g3 Qxf3+ 30. Nxf3 Bxg3 31. fxg3 Rxe4 32. Rxe4 Rxe4 33. Kg1 Kf6 34.
Kf2 Re6 35. Rxe6+ Kxe6 36. Ne1 Kd5 37. Kf3 h5 38. Kf4 c4 39. a3 cxb3 40. cxb3
Be4 41. b4 Bf5 42. Nf3 Kc4 43. Ke5 d3 44. Kd6 Kc3 0-1

[Event "Championnat de France des Jeunes - Minim"]
[Site "MONTLUCON"]
[Date "2011.04.23"]
[Round "8.10"]
[White "Ravot, Emmanuel"]
[Black "Messinger, Karl"]
[Result "1-0"]
[WhiteElo "2022"]
[BlackElo "1966"]
[Annotator "Rivier,Sylvain"]
[PlyCount "44"]

1. d4 Nf6 2. c4 e6 3. Nc3 Bb4 4. Nf3 d6 5. g3 O-O 6. Bg2 Nc6 7. O-O Bxc3 8.
bxc3 e5 9. Qc2 Qe7 10. Rb1 Rb8 11. Ba3 e4 12. Nd2 Re8 13. e3 Bg4 14. Rfe1 Nd8
15. Rb5 a6 16. Re5 Ne6 17. Nxe4 c5 18. Rd5 Nxd5 19. cxd5 f5 20. dxe6 Qxe6 21.
dxc5 dxc5 22. Bxc5 b6 {suite illisible} 1-0